LEADER 02108nam a22003017a 4500
001 45118
003 BD-DhAAL
005 20251124165336.0
008 251124t2024 bg ||||| |||| 00| 0 ben d
020 |a 9849849020852 
040 |a BD-DhAAL  |c BD-DhAAL 
041 |a ben  |a eng  |h eng 
082 |a 823  |2 23 
100 1 |a বেগম, রোকেয়া,  |d ১৮৮০-১৯৩২,  |e author.  |9 59892 
111 |a ইউনেস্কো মেমোরি অব দা ওয়ার্ল্ড এশিয়া-প্যাসিফিক কমিটি কর্তৃক সুলতানাজ ড্রিম-কে আঞ্চলিক রেজিস্টারভুক্তি  |d (২০২৪ :   |c ঢাকা, বাংলাদেশ)  |9 59893 
245 1 0 |a সুলতানার স্বপ্ন /  |c রোকেয়া সাখাওয়াৎ হোসেন. 
246 3 1 |a Sultana's dream 
260 |a ঢাকা :  |b মুক্তিযুদ্ধ জাদুঘর,  |c ২০২৪. 
300 |a ৩৯ পৃষ্ঠা ;  |c ২২ সে.মি. 
541 1 |a Complimentary copy from Professor Afsan Chowdhury, Department of English and Humanities, BRAC University  |e 45118 
650 0 |a Women  |z Bangladesh  |x Literary collections.  |9 59894 
650 0 |a Women  |z Bangladesh  |v Fiction.  |9 28644 
650 0 |a Feminism  |z Bangladesh  |v Fiction.  |9 59895 
710 2 |a Liberation War Museum (Dhaka, Bangladesh)  |9 59881 
852 1 |a Ayesha Abed Library  |c Liberation War Corner 
942 |2 ddc  |c BK 
999 |c 47653  |d 47653 
952 |0 0  |1 0  |2 ddc  |4 0  |6 823_000000000000000_BEG  |7 0  |9 78538  |a BRACUL  |b BRACUL  |c BNC  |d 2025-11-24  |e Complimentary copy from Professor Afsan Chowdhury, Department of English and Humanities, BRAC University  |g 50.00  |l 0  |o 823 BEG  |p 3010045118  |r 2025-11-24  |t 1  |v 100.00  |w 2025-11-24  |y BK  |x Complimentary copy from Professor Afsan Chowdhury, Department of English and Humanities, BRAC University ; Since the book was a complimentary copy from Afsan Chowdhury (Bangladeshi Liberation War researcher) and published by the Liberation War Museum, it has been placed in the Liberation War Corner.